Да направим собствен сайт (Запис номер 168206)
[ съкратено ]
| 000 -Лидер | |
|---|---|
| Контролно поле с фиксирана дължина | 02300nam a2200481 c 4500 |
| 003 - Код на организацията, давaща контролен номер | |
| Контролно поле | BLK |
| 005 - Дата и час на последна редакция | |
| Контролно поле | 20250401121516.0 |
| 008 - Елементи от данни с фиксирана дължина | |
| fixed length control field | 180411b bul|||||r ||||||| ||bul|| |
| 010 ## - Наследен системен номер | |
| LC control number | KNG00176081000 |
| 020 ## - Международен стандартен номер на книга ISBN | |
| Международен стандартен номер на книга ISBN | 978-954-8898-60-7 |
| 040 ## - Източник на каталожния запис | |
| Идентификатор на билиотеката - собственик на записа | BLK |
| 041 ## - Код за език | |
| Код за езика на текст/звукозапис или на отделно заглавие | Български |
| Код за езика КДБФ | Български |
| 072 #7 - Код за тематичната категория | |
| Код организация | bullib |
| Код за тематична категория | Н62 |
| Текст | Приложни науки. Техника Н |
| 080 ## - УДК | |
| Текстов определител УДК | Интернет. Изчислителни системи. Мултиизчислителни комплекси и многомашинни мрежи |
| УДК код - определител по УДК | 004.738.5 |
| УДК определител | (035) |
| УДК - код + определител | 004.738.5(035) |
| 080 ## - УДК | |
| Текстов определител УДК | Изчислителни машини, електронни - програмиране |
| УДК код - определител по УДК | 681.332.06 |
| УДК определител | (035) |
| УДК - код + определител | 681.332.06(035) |
| 080 ## - УДК | |
| Текстов определител УДК | Машинна графика |
| УДК код - определител по УДК | 681.327:003.6 |
| УДК определител | (035) |
| УДК - код + определител | 681.327:003.6(035) |
| 100 1# - Редна дума - Автор | |
| Автор | Колисниченко, Денис Николаевич |
| Авторска отговорност | първи автор |
| R(LIN) | 81535 |
| 139 ## - Редно поле | |
| Редна дума | Колисниченко, Денис Николаевич |
| Авторски знак | Колев - К 78 |
| 245 10 - Сведения за заглавието | |
| Заглавие | Да направим собствен сайт |
| Редно поле (дума) | Денис Николаевич Колисниченко; прев. от рус. Таня Цолова. |
| 250 ## - Област на изданието | |
| Сведения за изданието | 2. прераб. и доп. изд. |
| 257 ## - Страна на издаване | |
| Страна на създаване/издаване | Украйна |
| 260 ## - Област на издателските данни | |
| Име на издателя, разпространителя и проч. | Асеневци |
| Година на издаване | 2015 |
| Печатница | София : Симолини |
| 300 ## - Физическа характеристика | |
| Страници | 312 с. |
| Илюстрации и др. | с ил. |
| Размери/Мащаб | 24 см |
| 380 ## - Жанр | |
| Жанр | Общ отдел |
| 490 1# - СЕРИИ (Колекции) | |
| Име на серия | Практически наръчници |
| 500 ## - Общи забележки | |
| Забележка | 1. изд. 2013. - Без сведение за ориг. загл. - Съдържа и за авт. |
| 650 #4 - Допълнително описание по предмет – тема | |
| Основно описание – тема или топоним | Интернет - наръчници и ръководства |
| 9 (RLIN) | 257284 |
| 650 #4 - Допълнително описание по предмет – тема | |
| Основно описание – тема или топоним | Бази данни - наръчници и ръководства |
| 9 (RLIN) | 263979 |
| 650 #4 - Допълнително описание по предмет – тема | |
| Основно описание – тема или топоним | Приложни програми - наръчници и ръководства |
| 9 (RLIN) | 267068 |
| 653 ## - Ключова дума – ненормативна | |
| Ключова дума | Интернет |
| 653 ## - Ключова дума – ненормативна | |
| Ключова дума | бази данни |
| 653 ## - Ключова дума – ненормативна | |
| Ключова дума | приложни програми |
| 653 ## - Ключова дума – ненормативна | |
| Ключова дума | ръководства |
| 659 ## - Тематичен бюлетин | |
| Тематичен бюлетин | Н |
| 700 1# - Други автори (авторска отговорност) | |
| Лично име | Цолова, Таня |
| Автороска отговорност (Описва отношението между автора и произведението) | прев. от рус. |
| 9 (RLIN) | 377983 |
| 852 ## - Местоположение | |
| Форматна сигнатура | Цб 274442 |
| 856 4# - Електронен адрес и достъп | |
| Електронен формат | pdf - файл |
| 856 4# - Електронен адрес и достъп | |
| Електронен формат | pdf - файл |
| 999 ## - СИСТЕМНИ КОНТРОЛНИ НОМЕРА | |
| Koha biblionumber | 168206 |
| Koha biblioitemnumber | 168206 |
| 942 ## - АРТИКУЛИ | |
| Вид на библиотечния материал | Книги |
| Скрит в OPAC | Не |
| Koha issues (borrowed), all copies | 8 |
| Периодичен библиозапис | Да |
| 944 ## - СЪЗДАВАНЕ И РЕДАКЦИЯ на ЗАПИСА | |
| Създаване/Редакция | Създаване |
| Дата на регистрацията/редакция | 01.06.2015 |
| Статус, дата на статуса | Минев Младен |
| Служител, извършил регистрацията/редакцията | 30530 |
| 944 ## - СЪЗДАВАНЕ И РЕДАКЦИЯ на ЗАПИСА | |
| Създаване/Редакция | Редакция |
| Дата на регистрацията/редакция | 13.06.2016 |
| Статус, дата на статуса | ф / |
| Служител, извършил регистрацията/редакцията | Людмила_Стоянова |
| 999 ## - СИСТЕМНИ КОНТРОЛНИ НОМЕРА | |
| Koha biblioitemnumber | 168206 |
| Код за отписване | Код за изгубен артикул | Източник на класификационната схема | Код за повреда | Коз за рестрикции | Код за отдаване | Артикулен № | Име на библиотеката - собственик | Име на библиотеката, в която се намира в момента | Статус (Текущо местоположение) | Дата на вписване в системата | Местоположение - отдел | Цена в лева | Инвентарен номер | Систематично азбучна сигнатура | Баркод | Номер на екземпляра | Цена в евро | Служебна бележка | Служебен тип на артикула |
|---|---|---|---|---|---|---|---|---|---|---|---|---|---|---|---|---|---|---|---|
| Не е изгубен | Universal Decimal Classification | Не е повреден | без рестрикции | заемане за дома | 283848 | Регионална библиотека "Любен Каравелов" Русе | Регионална библиотека "Любен Каравелов" Русе | Заемна - подръчен фонд | 2015-05-28 | Заемна - подръчен фонд | 19.95 | 120000788359 | 004/К 78 | 120000788359 | 1 | 10.20 | Дост: Pk Вид: Ф N: 432 Дата: 22.05.2015 Дата инв: 07.02.2018 Бележки инв: П2018 | Книги | |
| Не е изгубен | Universal Decimal Classification | Не е повреден | без рестрикции | ползва се в читалня | 283849 | Регионална библиотека "Любен Каравелов" Русе | Регионална библиотека "Любен Каравелов" Русе | Хранилище | 2015-12-18 | Основен фонд - ползва се само за читалня | 19.95 | 120000795995 | Цб 298545 | 120000795995 | 2 | 10.20 | Дост: Pk Вид: Ф N: 448 Дата: 14.12.2015 Дата инв: 07.02.2018 Бележки инв: П2018 | Книги |